| 000 | 00805nam a22002297a 4500 | ||
|---|---|---|---|
| 005 | 20110819150012.0 | ||
| 008 | 110819t xxu||||| |||| 00| 0 eng d | ||
| 010 | _aENG-103544 | ||
| 020 |
_c150.00 _a9788120755918 |
||
| 035 | _aEN-87077 | ||
| 037 | _bDBAD/PUB | ||
| 040 |
_aDPL _bEng |
||
| 082 | _a615.53 | ||
| 100 |
_aDevaraj, T.L. _933143 |
||
| 245 |
_aSpeaking of Ayurveda for woman / _cby T.L. Devaraj |
||
| 260 |
_aNew Delhi _bSterling Paperbacks _c2010 |
||
| 270 |
_aA-59, Okhla Industrial Area, Phase-II _bNew Delhi _e110020 |
||
| 300 |
_aviii,184p. : _c22cm (pbk) _bill. |
||
| 700 | _91067 | ||
| 942 |
_2ddc _cEN _h615.53 _mDEV |
||
| 999 |
_c55720 _d55720 |
||